000 00947nac a22002531i 4500
003 EG-ScBUE
005 20240526100333.0
008 240526s1955 enka f b 000 0 eng d
035 _a(OCoLC)759830
040 _aEG-ScBUE
_beng
_erda
_cEG-ScBUE
_dEG-ScBUE
082 0 4 _a920.7
_bGEO
_222
245 0 0 _aGeorgiana :
_bextracts from the correspondence of Georgiana, Duchess of Devonshire.
_cedited by the Earl of Bessborough.
264 1 _aLondon :
_bJohn Murray,
_c1955.
300 _ax, 307 pages :
_billustrations ;
_c23 cm
336 _2rdacontent
_atext
_btxt
337 _aunmediated
_2rdamedia
_bn
338 _avolume
_bnc
_2rdacarrier
504 _aIncludes bibliographical references.
650 7 _2BUEsh
_aNovelists, Russian
_y19th century
_vBiography.
655 _vReading book
700 1 _a Bessborough, Vere Brabazon Ponsonby,‏
_cEarl of,‏
_d1880-1956‏,
_eeditor.
942 _cBB
_2ddc
999 _c3556
_d3556